00513nam a2200181Ia 4500008004100000020001800041082000800059100002400067245003300091250000600124260003000130300001000160500002400170650002300194942000700217952009000224999001700314230524s9999 xx 000 0 und d a9789384030575 bSAN aAswin Sanghi941751 0a13 Steps to Bloody Good Luck a1 aNew DelhibWestlandc2014 a149p; aQuantity Number: 1 aMisalliance941752 cBK 00104070aTATCLbTATCLcGENd2023-05-24l0o SANp53430r2023-05-24w2023-05-24yBK c56199d56199